000 00817nam a22002657a 4500
001 6800
003 FISKH
005 20250528153301.0
008 250528b cb ||||| |||| 00| 0 eng d
020 _a9780439158046
040 _aFISKH
_beng
_cFISKH
_dFISKH
050 _aPZ7.O216 T
082 _a 533
100 _aO'Connell, Jennifer
245 _aTen timid ghosts /
_cby Jennifer O'Connell
260 _aNew York :
_bScholastic,
_c2000.
300 _a20 unnumbered pages :
_bcolor illustratios ;
_c21 cm
505 _aJ
520 _aA witch tries to scare ten ghosts out of the haunted house where they live, but in the end, they play a trick on her.
521 8 _a460
_bLexile
521 8 _aJ
_bRaz-Plus
650 _aGhosts
_vFall
_xHaunted Houses
942 _2ddc
_cBK
_n0
999 _c6800
_d6800